02328nam a2200469 i 4500001001000000003000900010005001700019007000300036008004100039020001500080040003000095041000800125082002500133245013700158264011000295300002800405336002800433337003500461338003100496504003800527590002600565650005300591650004700644650002900691650006100720650003500781650003600816700002800852700002600880700003300906700003300939700004400972710005501016910003701071942001401108952014701122952014801269952014801417952013601565952014201701999001501843000006078DO-SdBNP20250801133935.0ta090826s2001 dr 000 0 spa d a9993450014 aDO-SdBNPbspacBNPHUerda aspa 4a370.97293bC175e22200a¿Cambia la escuela? :bprácticas educativas en la escuela dominicana /cJosefina Zaiter... [et al.]; coordinadora, Cheila Valera. aSanto Domingo, República Dominicana : bFacultad Latinoamericana de Ciencias Sociales (FLACSO), c2001 a141 páginas ;c23 cm. atextobtxt2rdacontent  asin mediación bn2rdamedia  avolumen bnc2rdacarrier  aBibliografía: páginas 141-142 aInventariado, 2018/VM 4aReforma educativazRepública Dominicana917110 4aCurrículozRepública Dominicana917111 4aPlanes de estudio917112 4aPlanificación educativazRepública Dominicana917113 4aEvaluación curricular917114 0aInnovaciones educativas 91711512aZaiter, Josefina98736812aVargas, Thahira9196612aSantelises ,Alexandra91711612aCaracciolo, Graciela,91711712aCheila Valeraecoordinadora9171184co.2 aFacultad Latinoamericana de Ciencias Sociales9294 aValidado. Control de calidad MFF 2ddccLBS1 00102ddc56708DSaBNPHUbBNPHUcHDd2009-08-26l0oBNPHU DS 370.97293 C175ep6078-30r2020-06-25te.3w2020-06-25yLBS1ZPréstamo en sala 00102ddc56708DSaBNPHUbBNPHUcHDd2009-08-26l0oBNPHU DS 370.97293 C175ep6078-40r2020-06-25te. 4w2020-06-25yLBS1ZPréstamo en sala 00102ddc56708DSaBNPHUbBNPHUcHDd2009-08-26l0oBNPHU DS 370.97293 C175ep6078-50r2020-06-25te. 5w2020-06-25yLBS1ZPréstamo en sala 00102ddc51708PDaBNPHUbBNPHUcHDd2009-08-26l0oBNPHU PD 370.97293 C175ep6078-10r2020-06-25w2020-06-25yLBS1ZNo se presta 00102ddc51708PDaBNPHUbBNPHUcHDd2009-08-26l0oBNPHU PD 370.97293 C175ep6078-20r2020-06-25te. 2w2020-06-25yLBS1ZNo se presta c5874d5874